|
|
|
|
| LEADER |
00000cam a2200000 7i4500 |
| 001 |
0000182496 |
| 005 |
20140219.0 |
| 020 |
|
|
|a 9789835966682
|
| 090 |
0 |
0 |
|a 510
|b YOO
|
| 100 |
0 |
|
|a Yoong Kwee Soon
|
| 245 |
1 |
0 |
|a Mathematics :
|b SPM form 4, 5
|c Yoong Kwee Soon, Kho Choong Quan
|
| 260 |
|
|
|a Petaling Jaya :
|b Sasbadi Sdn. Bhd. ,
|c 2014
|
| 300 |
|
|
|a 468p. ;
|c 26cm.
|
| 490 |
0 |
|
|a Nexus tuntas
|
| 650 |
0 |
0 |
|a Mathematics
|x SPM
|
| 700 |
1 |
|
|a Kho Choong Quan
|
| 999 |
|
|
|a 00292274
|b BUKU
|c RUJUKAN ULANGKAJI
|e PERPUSTAKAAN KOMUNITI PETALING JAYA
|
| 999 |
|
|
|a 00292275
|b BUKU
|c RUJUKAN ULANGKAJI
|e PERPUSTAKAAN KOMUNITI PETALING JAYA
|
| 999 |
|
|
|a 00292276
|b BUKU
|c RUJUKAN ULANGKAJI
|e PERPUSTAKAAN KOMUNITI PETALING JAYA
|
| 999 |
|
|
|a 00292277
|b BUKU
|c PINJAMAN
|e PERPUSTAKAAN KOMUNITI PETALING JAYA
|
| 999 |
|
|
|a 00292278
|b BUKU
|c PINJAMAN
|e PERPUSTAKAAN KOMUNITI PETALING JAYA
|
| 999 |
|
|
|a 00292279
|b BUKU
|c PINJAMAN
|e PERPUSTAKAAN KOMUNITI PETALING JAYA
|
| 999 |
|
|
|a 00292280
|b BUKU
|c PINJAMAN
|e PERPUSTAKAAN KOMUNITI PETALING JAYA
|